000 00574nam a2200193 4500
001 148184
003 ES-MaACL
005 20250809061748.0
007 t|
008 070214s1945 sp r ||||1| spa d
100 1 _aStampa Irueste, Felipe.
_9107882
245 1 3 _aEl delito de rebelión /
_cFelipe Stampa Irueste.
260 _aMadrid :
_bEd. de los Estudiantes EspaƱoles,
_c1945.
300 _a106 p. ;
_c22 cm.
490 1 _aCuadernos de Derecho
830 0 0 _aCuadernos de derecho
_9220984
852 _aES-MaACL
_j1577-F-30
_bR.36373
999 _c148184
_d148184